| 000 | 00465cam a2200181ua 4500 | ||
|---|---|---|---|
| 003 | OSt | ||
| 008 | 250104b |||||||| |||| 00| 0 eng d | ||
| 020 | _a0-07-099479-X | ||
| 041 | _aeng | ||
| 082 |
_a621.381 01 _bMAL/EL |
||
| 100 |
_aMalvino, Albert Paul . _9219 |
||
| 245 | _aElectronic principles / | ||
| 250 | _a3 / | ||
| 260 |
_aNew Delhi : _bTata Mc-Graw Hill Publishing Company , _c1989. |
||
| 300 | _a754 ; . | ||
| 500 | _a17955 Scheme | ||
| 942 | _cBK | ||
| 999 |
_c10369 _d10369 |
||